The philosophy of John scottus eriugena : A study of idealism in the middle ages

Moran has written the most comprehensive study yet of Eriugena's philosophy, tracing the sources of his thinking and analyzing his most important text, the Periphyseon. This volume will be of special interest to historians of mediaeval philosophy, history, and theology.

محفوظ في:
التفاصيل البيبلوغرافية
المؤلف الرئيسي: Moran, Dermot
التنسيق: كتاب
اللغة:Undetermined
منشور في: Cambridge, UK Cambridge University Press 2004
الموضوعات:
الوسوم: إضافة وسم
لا توجد وسوم, كن أول من يضع وسما على هذه التسجيلة!
Thư viện lưu trữ: Trung tâm Học liệu Trường Đại học Cần Thơ
LEADER 00939nam a2200217Ia 4500
001 CTU_172731
008 210402s9999 xx 000 0 und d
020 |c 50.16 
082 |a 189 
082 |b M829 
100 |a Moran, Dermot 
245 4 |a The philosophy of John scottus eriugena : 
245 2 |b A study of idealism in the middle ages 
245 0 |c Dermot Moran 
260 |a Cambridge, UK 
260 |b Cambridge University Press 
260 |c 2004 
520 |a Moran has written the most comprehensive study yet of Eriugena's philosophy, tracing the sources of his thinking and analyzing his most important text, the Periphyseon. This volume will be of special interest to historians of mediaeval philosophy, history, and theology. 
650 |a Philosophy, Medieval,Idealism,Triết học, thời Trung Cổ,Chủ nghĩa lý tưởng 
904 |i QHieu 
980 |a Trung tâm Học liệu Trường Đại học Cần Thơ